00289nam a22001097a 4500008004100000020001500041082001900056245004200075260004700117300000800164440000700172230623b xxu||||| |||| 00| 0 eng d a9966900195 a330.bOSO 1997 aPublic Spending,Taxation and Deficits bAfrican Economic Research Consortiumc1997 a30p n62